Religi ose bildung und transformation: bildungstheoretische perspektiven auf biographische erz ahlungen polnischst ammiger religionslehrer*innen (Record no. 54505)
[ view plain ]
| 000 -LEADER | |
|---|---|
| fixed length control field | 01283nam a2200265M 4500 |
| 001 - CONTROL NUMBER | |
| control field | on1526507676 |
| 003 - CONTROL NUMBER IDENTIFIER | |
| control field | EBZ |
| 005 - DATE AND TIME OF LATEST TRANSACTION | |
| control field | 20250925150936.0 |
| 006 - FIXED-LENGTH DATA ELEMENTS--ADDITIONAL MATERIAL CHARACTERISTICS--GENERAL INFORMATION | |
| fixed length control field | m d |
| 007 - PHYSICAL DESCRIPTION FIXED FIELD--GENERAL INFORMATION | |
| fixed length control field | cr unu|||||||| |
| 008 - FIXED-LENGTH DATA ELEMENTS--GENERAL INFORMATION | |
| fixed length control field | 250312s2024 xx o ||| 0 und d |
| 040 ## - CATALOGING SOURCE | |
| Original cataloging agency | EBZ |
| Transcribing agency | EBZ |
| 020 ## - INTERNATIONAL STANDARD BOOK NUMBER | |
| International Standard Book Number | 9783839472705 |
| Qualifying information | (online) |
| 020 ## - INTERNATIONAL STANDARD BOOK NUMBER | |
| International Standard Book Number | 3839472709 |
| 049 ## - LOCAL HOLDINGS (OCLC) | |
| Holding library | YDXA |
| 100 1# - MAIN ENTRY--PERSONAL NAME | |
| Personal name | Marcin Morawski. |
| 245 10 - TITLE STATEMENT | |
| Title | Religi ose bildung und transformation: bildungstheoretische perspektiven auf biographische erz ahlungen polnischst ammiger religionslehrer*innen |
| Medium | [electronic resource]. |
| 260 ## - PUBLICATION, DISTRIBUTION, ETC. (IMPRINT) | |
| Name of publisher, distributor, etc | Transcript Verlag |
| Date of publication, distribution, etc | [2024] |
| 300 ## - PHYSICAL DESCRIPTION | |
| Extent | 1 online resource |
| 341 0# - | |
| -- | textual |
| -- | sapdv |
| -- | EBSCOhost |
| 532 #0 - | |
| -- | EBSCOhost |
| -- | "EBSCO evaluates our products based on the Web Content Accessibility Guidelines (WCAG) and the related Section 508 and EN 301 549 regulations in the US and EU. Most EBSCO products are substantially conformant with WCAG 2.2 level AA." Source: https://connect.ebsco.com/s/article/EBSCO-VPATs?language=en_US. Last accessed April 22, 2025. |
| 773 0# - HOST ITEM ENTRY | |
| Title | OAPEN (Open Access Publishing in European Networks) |
| Place, publisher, and date of publication | OAPEN |
| 856 40 - ELECTRONIC LOCATION AND ACCESS | |
| Materials specified | EBSCOhost |
| Uniform Resource Identifier | <a href="https://search.ebscohost.com/login.aspx?direct=true&scope=site&db=nlebk&db=nlabk&AN=4096917">https://search.ebscohost.com/login.aspx?direct=true&scope=site&db=nlebk&db=nlabk&AN=4096917</a> |
| 938 ## - | |
| -- | EBSCOhost |
| -- | EBSC |
| -- | 4096917 |
No items available.
